[Event "Asia-ch U18 16th"]
[Site "Singapore"]
[Date "2015.06.11"]
[Round "5.1"]
[White "Lu, Chan Hung"]
[Black "Caranyagan, Carlo"]
[Result "1-0"]
[WhiteElo "2113"]
[BlackElo "2125"]
[PlyCount "119"]
[EventDate "2015.06.09"]
[EventType "swiss"]
[EventRounds "9"]
[EventCountry "SIN"]
[SourceTitle "EXT 2024"]
[Source "ChessBase"]
[SourceDate "2023.10.10"]
[SourceVersion "1"]
[SourceVersionDate "2023.10.10"]
[SourceQuality "1"]

1. b3 f5 2. Bb2 e6 3. g3 Nf6 4. Bg2 c6 5. d3 Be7 6. Nd2 d5 7. Ngf3 0-0 8. 0-0 Bc5 9. c4 Qe7 10. Qc2 Nbd7 11. Rae1 e5 12. cxd5 cxd5 13. d4 exd4 14. Qxf5 Nb6 15. Qd3 Bg4 16. Bxd4 Rae8 17. Bxc5 Qxc5 18. Nd4 Nfd7 19. N2f3 Qa3 20. Qb1 a6 21. Ng5 Nf6 22. h3 Bd7 23. Rc1 h6 24. Ngf3 Qd6 25. Qg6 Nc8 26. Qc2 b6 27. Qc7 Qb4 28. e3 Qe7 29. Nh4 Rf7 30. Ng6 Qa3 31. Ne5 Rfe7 32. Nxd7 Rxd7 33. Qc2 Ne7 34. Qe2 Rc8 35. Rxc8+ Nxc8 36. Qc2 Ne7 37. Rd1 b5 38. Ne2 Rd6 39. Nf4 a5 40. Qc7 Rd7 41. Qb8+ Kh7 42. Bf1 Qxa2 43. Bd3+ g6 44. Qxb5 Qb2 45. Kg2 Qc3 46. h4 Kg7 47. Qb8 Nc6 48. Qb6 Ne5 49. Qb5 Neg4 50. Be2 Ne5 51. Rd4 Ne4 52. Rxd5 Re7 53. Rd4 Nf7 54. Qd3 Qxd3 55. Bxd3 Nc5 56. Bc2 g5 57. Nh5+ Kf8 58. hxg5 hxg5 59. Nf6 Rb7 60. Rd5 1-0